000 00643nam a2200277Ia 4500
005 20260324114127.0
008 008 260324s9999 xx 000 0 eng d
020 _a9781003407874
037 _aEBOOK
040 _aCRL
040 _beng
040 _cCRL
041 _2eng
041 _aeng
084 _qCRL
100 _aSamiran Karmakar; Sibdas Karmakar
_91149543
245 0 _aMultivariate Calculus
260 _bTaylor and Francis
260 _c2023
365 _a
365 _b195
856 _uhttp://www.taylorfrancis.com/books/9781003407874
942 _cEBOOK
999 _c1739548
_d1739548